000
00238nam a2200097Ia 4500
001
797665
005
20250826170812.0
008
250824s9999 xx 000 0 und d
245
0
_a
ŞARK IN KANDİLİ
_c
ALİ EMRE
260
_b
KETEBE YAYINLARI
999
_c
797665
_d
797665